|
|
|
|
| LEADER |
00000cam a22000002c 4500 |
| 001 |
591734737 |
| 003 |
DE-627 |
| 005 |
20250129132610.0 |
| 007 |
tu |
| 008 |
090128s1715 xx ||||| 00| ||und c |
| 024 |
7 |
|
|a VD18 10327916-004
|2 vd18
|
| 026 |
|
|
|e leam i-væ o-n- *mqu 3 1715A
|2 fei
|5 GBV
|
| 035 |
|
|
|a (DE-627)591734737
|
| 035 |
|
|
|a (DE-576)9591734735
|
| 035 |
|
|
|a (DE-599)GBV591734737
|
| 035 |
|
|
|a (OCoLC)252902372
|
| 040 |
|
|
|a DE-627
|b ger
|c DE-627
|e rakwb
|
| 084 |
|
|
|a 1
|2 ssgn
|
| 100 |
1 |
|
|a Hase, Theodor
|e Präses
|4 aut
|
| 109 |
|
|
|a Hase, Theodor
|a Philomusus, Dorotheus
|a Hasaeus, Theodorus
|a Haseus, Theodor
|
| 245 |
1 |
0 |
|a De decreto Tiberii imperatoris quo Christum referre voluit in numerum deorum
|
| 264 |
|
1 |
|a Erffurti
|b Ehrt
|c 1715
|
| 300 |
|
|
|a 38 S
|
| 336 |
|
|
|a Text
|b txt
|2 rdacontent
|
| 337 |
|
|
|a ohne Hilfsmittel zu benutzen
|b n
|2 rdamedia
|
| 338 |
|
|
|a Band
|b nc
|2 rdacarrier
|
| 502 |
|
|
|a Hanau, Univ., Schulschrift, 1709
|
| 700 |
1 |
|
|a Boeff, Johannes Carolus
|e Resp.
|4 aut
|
| 751 |
|
|
|a Hanau
|4 uvp
|
| 912 |
|
|
|a vd18
|
| 935 |
|
|
|a RFBW
|a mteo
|
| 935 |
|
|
|i Prüfen ob BSB-Dublette
|
| 951 |
|
|
|a BO
|
| ELC |
|
|
|b 1
|
| LOK |
|
|
|0 000 xxxxxcx a22 zn 4500
|
| LOK |
|
|
|0 001 449421163X
|
| LOK |
|
|
|0 003 DE-627
|
| LOK |
|
|
|0 004 591734737
|
| LOK |
|
|
|0 005 20240516133105
|
| LOK |
|
|
|0 008 240229||||||||||||||||ger|||||||
|
| LOK |
|
|
|0 040
|a DE-Tue135
|c DE-627
|d DE-Tue135
|
| LOK |
|
|
|0 092
|o n
|
| LOK |
|
|
|0 852
|a DE-Tue135
|
| LOK |
|
|
|0 852 1
|9 00
|
| LOK |
|
|
|0 866
|x SPQUE#Reformationsgeschichtliche Forschungsbibliothek Wittenberg#SPSAM#Predigerseminar#SPUSM#Altbestand#SPSYS#Dissertationen
|
| LOK |
|
|
|0 935
|a RFBW
|a bips
|a psab
|
| LOK |
|
|
|0 939
|a 29-02-24
|b l01
|
| ORI |
|
|
|a SA-MARC-ixtheoa001.raw
|